000 00793naa a22002057a 4500
001 2162214035925079
003 UA-OsUOA
005 20240625104624.0
008 240625b un ||||| |||| 00| 0 ukr d
040 _aUA-OsUOA
_bukr
_cUA-OsUOA
_dUA-OsUOA
041 _aukr
080 _a908
090 _a908
100 _aЗемський Ю.
_93333
245 _aЕволюція соціально-культурної ролі церковних братств на Волині
_cЗемський Ю.
300 _aС. 49–52
650 _2UDC
773 0 _0364752
_9388230
_dОстрог 2000
_o72223
_tМатеріали VІІ–ІХ острозької конференції "Острог на порозі 900-річчя" 1996–1998 роки
_w(UA-OsUOA) 78437
942 _2udc
_cBKA
999 _c576578
_d576578